000
00230 a2200097 4500
001
31345
100
_a
Pearsall, J
245
_a
Concise oxford dictionary
260
_a
N.Y
_b
Oxford University Press
_c
1999
090
_c
21238
_d
21238
942
_a
NUST-CAE
_c
M
_c
12490
999
_c
266418
_d
266418